[Event "ITA-ch U20"]
[Site "Bratto"]
[Date "2008.08.29"]
[Round "8"]
[White "Delledonne, Francesco"]
[Black "Xia, Jie"]
[Result "1/2-1/2"]
[WhiteElo "1943"]
[BlackElo "2181"]
[PlyCount "104"]
[EventDate "2008.08.22"]
[EventType "swiss"]
[EventRounds "9"]
[EventCountry "ITA"]
[SourceTitle "CBM 126 Extra"]
[Source "ChessBase"]
[SourceDate "2008.11.05"]
[SourceVersion "1"]
[SourceVersionDate "2008.11.05"]
[SourceQuality "1"]

1. d4 Nf6 2. c4 e6 3. Nf3 Bb4+ 4. Bd2 Qe7 5. g3 Ne4 6. Qc2 f5 7. Bg2 b6 8. Nc3 Bxc3 9. Bxc3 Bb7 10. 0-0 0-0 11. Nd2 d5 12. cxd5 exd5 13. Nxe4 fxe4 14. f3 Nd7 15. fxe4 dxe4 16. Qb3+ Kh8 17. Bb4 c5 18. dxc5 Nxc5 19. Qe3 Rac8 20. Rxf8+ Qxf8 21. Rc1 h6 22. Bxc5 Rxc5 23. Rxc5 bxc5 24. h3 Qd6 25. Kh2 Qd4 26. Qc3 Bd5 27. a3 Kh7 28. e3 Qxc3 29. bxc3 Kg6 30. Bf1 Bb3 31. h4 Kf6 32. Be2 Ke5 33. Kh3 g6 34. Bb5 Bd1 35. Be8 g5 36. hxg5 hxg5 37. Bd7 Kd5 38. Bb5 Kd6 39. Be8 Kc7 40. Bb5 Kb6 41. Bd7 Kc7 42. Bg4 Bc2 43. Be2 Kd6 44. Bh5 Kd5 45. Bf7+ Ke5 46. Kg4 Kf6 47. Bg8 Ba4 48. Kh5 Bd1+ 49. g4 a5 50. Bd5 Bc2 51. Bg8 a4 52. Bd5 Bd3 1/2-1/2

[Event "Milan Crespi op-B 28th"]
[Site "Milan"]
[Date "2007.12.08"]
[Round "4"]
[White "Delledonne, Francesco"]
[Black "Manca, Renato"]
[Result "1-0"]
[WhiteElo "1837"]
[BlackElo "1843"]
[PlyCount "61"]
[EventDate "2007.12.06"]
[EventType "swiss"]
[EventRounds "6"]
[EventCountry "ITA"]
[SourceTitle "EXT 2009"]
[Source "ChessBase"]
[SourceDate "2008.11.26"]
[SourceVersion "1"]
[SourceVersionDate "2008.11.26"]
[SourceQuality "1"]

1. e4 d5 2. exd5 Nf6 3. Nf3 Nxd5 4. d4 Bg4 5. Be2 e6 6. h3 Bh5 7. Ne5 Bxe2 8. Qxe2 Bd6 9. Qb5+ Nd7 10. Nxd7 Qxd7 11. Qxb7 0-0 12. 0-0 Qa4 13. Nc3 Nxc3 14. bxc3 Qxc2 15. Qb3 Qe4 16. Rd1 Rab8 17. Qc4 Rb7 18. Be3 Rfb8 19. Qd3 Qd5 20. c4 Qa5 21. c5 Be7 22. Rdb1 Rb2 23. Rxb2 Rxb2 24. a4 f5 25. Qc4 Kf7 26. d5 Kg6 27. d6 Bf6 28. Qxe6 f4 29. Bxf4 cxd6 30. Qe8+ Kf5 31. g4+ 1-0

[Event "Milan Crespi op-B 28th"]
[Site "Milan"]
[Date "2007.12.07"]
[Round "3"]
[White "Nepi, Ezio"]
[Black "Delledonne, Francesco"]
[Result "0-1"]
[WhiteElo "1851"]
[BlackElo "1837"]
[PlyCount "90"]
[EventDate "2007.12.06"]
[EventType "swiss"]
[EventRounds "6"]
[EventCountry "ITA"]
[SourceTitle "EXT 2009"]
[Source "ChessBase"]
[SourceDate "2008.11.26"]
[SourceVersion "1"]
[SourceVersionDate "2008.11.26"]
[SourceQuality "1"]

1. d4 Nf6 2. c4 g6 3. Nc3 Bg7 4. e4 d6 5. Nge2 0-0 6. Ng3 e5 7. d5 a5 8. Be2 Na6 9. 0-0 h5 10. Bg5 Qe8 11. h3 Nh7 12. Be3 h4 13. Nh1 f5 14. exf5 gxf5 15. f4 e4 16. Bd4 Bxd4+ 17. Qxd4 Qg6 18. Kf2 Bd7 19. Rg1 Nf6 20. g3 Kh7 21. Qe3 Nh5 22. gxh4 Qh6 23. Rg5 Nf6 24. Qg3 Nc5 25. Rg1 Rg8 26. Ke3 Qf8 27. h5 c6 28. h6 Qxh6 29. Nf2 b5 30. dxc6 Bxc6 31. cxb5 Bb7 32. Rg2 Ne6 33. h4 d5 34. Nh3 d4+ 35. Kd2 e3+ 36. Kc1 Bxg2 37. Rxg8 Rxg8 38. Ng5+ Nxg5 39. fxg5 Qg7 40. Qxg2 dxc3 41. Qf3 cxb2+ 42. Kb1 Ng4 43. Qxf5+ Qg6 44. Bd3 Ne5 45. Qxg6+ Rxg6 0-1